Normal view
MARC view
Entry Personal Name
001 - CONTROL NUMBER
- control field: 59575
003 - CONTROL NUMBER IDENTIFIER
- control field: dpl
005 - DATE AND TIME OF LATEST TRANSACTION
- control field: 20231206124831.0
008 - FIXED-LENGTH DATA ELEMENTS
- fixed length control field: 231206|| aca||aabn | a|a d
040 ## - CATALOGING SOURCE
- Original cataloging agency: dpl
- Transcribing agency: dpl
100 ## - HEADING--PERSONAL NAME
- Personal name: ग्रोवर,चरण सिंह
670 ## - SOURCE DATA FOUND
- Source citation: Work cat.: (dpl)199469: ग्रोवर,चरण सिंह , सैन्य मनोविज्ञान/, 2022
